Score 0/24 Timer 08:00
0 Plays Today
% Correct
SCANRA
71.9%
CARTHAK
63.7%
Carthak
63.7%
Corus
63.7%
GALLA
62.3%
Trebond
58.9%
THE COPPER ISLES
58.7%
TYRA
56%
Tyra
56%
Olau
55.8%
Pirate's Swoop
54.9%
TUSAINE
49.3%
% Correct
MAREN
43.8%
Goldenlake
43.8%
Mindelan
43.6%
Port Caynn
42.8%
City of the Gods
37.9%
Black City
37.5%
Persopolis
37.5%
Naxen
37.1%
Port Legann
36.5%
Cria
30.4%
Snowsdale
27.9%
Tirragen
24.9%
Remove Ads.
Support Sporcle.
Get the best of Sporcle when you Go Orange. This ad-free experience offers more features, more stats, and more fun while also helping to support Sporcle. Thank you for becoming a member.

You're not logged in!

Compare scores with friends on all Sporcle quizzes.
OR
Log In

Show Comments

Extras

Top Quizzes Today


Score Distribution

Your Account Isn't Verified!

In order to create a playlist on Sporcle, you need to verify the email address you used during registration. Go to your Sporcle Settings to finish the process.

Report this User

Report this user for behavior that violates our Community Guidelines.

Details: